Методы палеогеографических исследований. Сб. 1 (Запись № 9070770)

Подробности
000 -МАРКЕР
контрольное поле 01626nam2a22002531 4500
001 - ИДЕНТИФИКАТОР ЗАПИСИ
контрольное поле rc\4592914
005 - ИДЕНТИФИКАТОР ВЕРСИИ
контрольное поле 20250612125319.0
021 ## - НОМЕР ГОСУДАРСТВЕННОЙ РЕГИСТРАЦИИ
Код страны Российская Федерация
Номер [64-77958]
035 ## - ДРУГИЕ СИСТЕМНЫЕ НОМЕРА
Идентификатор записи (NLR Aleph) 008662610
100 ## - ДАННЫЕ ОБЩЕЙ ОБРАБОТКИ
Данные общей обработки 20130416d1964 |||y0rusy50 ca
101 0# - ЯЗЫК РЕСУРСА
Язык текста, звукозаписи и т.д. русский
102 ## - СТРАНА ПУБЛИКАЦИИ ИЛИ ПРОИЗВОДСТВА
Страна публикации Российская Федерация
105 ## - ПОЛЕ КОДИРОВАННЫХ ДАННЫХ: ТЕКСТОВЫЕ МАТЕРИАЛЫ, МОНОГРАФИЧЕСКИЕ
Кодированные данные о монографическом текстовом документе ab z |||||
200 0# - ЗАГЛАВИЕ И СВЕДЕНИЯ ОБ ОТВЕТСТВЕННОСТИ
Основное заглавие Сб. 1
210 ## - ПУБЛИКАЦИЯ, РАСПРОСТРАНЕНИЕ И ДР.
Дата издания, распространения и т.д. 1964
Место издания, распространения и т.д. Б. м.
215 ## - ФИЗИЧЕСКАЯ ХАРАКТЕРИСТИКА
Специфическое обозначение материала и объем 264 с.
Другие сведения о физической характеристике черт., карт.
320 ## - ПРИМЕЧАНИЯ О НАЛИЧИИ В ДОКУМЕНТЕ БИБЛИОГРАФИИ / УКАЗАТЕЛЯ
Текст примечания Библиогр. в конце докладов
461 #0 - УРОВЕНЬ НАБОРА
Встроенное поле 001rc\4592913
-- 2001#$aМетоды палеогеографических исследований$eМатериалы Выездной сессии Секции геологии Экспертно-геол. совета Гос. геол. ком. СССР совместно с Гл. ред. Атласа литолого-палеогеогр. карт СССР. 30/X - 2/XI 1962 г. в Ленинграде$eСб. 1-$fГос. геол. ком. СССР. Акад. наук СССР$vСб. 1
Системный номер (АБИС) связанной записи 9070765
Место публикации Москва
Дата публикации 1964
Первые сведения об ответственности Гос. геол. ком. СССР. Акад. наук СССР
Имя издателя, распространителя и т.д. Недра
Сведения, относящиеся к заглавию Материалы Выездной сессии Секции геологии Экспертно-геол. совета Гос. геол. ком. СССР совместно с Гл. ред. Атласа литолого-палеогеогр. карт СССР. 30/X - 2/XI 1962 г. в Ленинграде : Сб. 1-
Заглавие Методы палеогеографических исследований
Номер тома Сб. 1
801 #0 - ИСТОЧНИК ЗАПИСИ
Страна Российская Федерация
Организация NLR
Правила каталогизации psbo
801 #1 - ИСТОЧНИК ЗАПИСИ
Страна Российская Федерация
Организация ELAR
Источник данных rusmarc
852 ## - МЕСТОНАХОЖДЕНИЕ И ШИФР ХРАНЕНИЯ
Идентификатор организации NLR
Шифр хранения (Call Number) 64-5/5200
942 ## - ДОПОЛНИТЕЛЬНЫЕ ЭЛЕМЕНТЫ ЗАПИСИ (АБИС)
Тип экземпляра АБИС Книга
980 ## - КОЛЛЕКЦИЯ
Название коллекции Национальная библиография
Экземпляры
Тип экземпляра Дата поступления Библиотека постоянного хранения Библиотека текущего хранения Место хранения Шифр хранения Штрих-код Статус экземпляра
Книга 26.10.2013 РНБ (Московский) РНБ (Московский) Русский книжный фонд: издания с 1957 года 64-5/5200 8662610-10